NBA best Celtics players of all time - Statistics

General Stats
  • This quiz has been taken 115 times
  • The average score is 9 of 15
Answer Stats
Number Answer % Correct
6 Bill Russell
99%
33 Larry Bird
99%
34 Paul Pierce
98%
5 Kevin Garnett
83%
14 Bob Cousy
76%
17 John Havlicek
76%
00 Robert Parish
75%
20 Ray Allen
69%
9 Rajon Rondo
61%
0 Jason Tatum
46%
18 Dave Cowens
44%
24 Sam Jones
39%
36 Shaquille O'Neal
34%
21 Bill Sharman
24%
7 Nate Archibald
9%
No matching quizzes found
Score Distribution
Percent of People with Each Score
Percentile by Number Answered
Your Score History
You have not taken this quiz